[Event "ch-TUR w 2012"]
[Site "Kemer TUR"]
[Date "2012.01.31"]
[Round "5"]
[White "Vatansever,Buse"]
[Black "Tulay,S"]
[Result "1-0"]
[WhiteElo "1612"]
[BlackElo "1807"]

1.e4 c5 2.Nf3 e6 3.d4 cxd4 4.Nxd4 a6 5.Bd3 Qc7 6.O-O Nf6 7.Re1 d6 8.c4 Be7
9.Nc3 Nbd7 10.b3 b5 11.Bb2 b4 12.Na4 Bb7 13.Qd2 Nc5 14.Nxc5 Qxc5 15.Nc2 a5
16.a3 bxa3 17.Nxa3 O-O 18.Nb5 Bd8 19.Ba3 Qh5 20.Bxd6 Re8 21.Bc7 Qh4 22.Bg3 Qh5
23.e5 Ng4 24.h3 Nh6 25.Nd6 Re7 26.Nxb7 Rxb7 27.Be4 Bg5 28.Qc2  1-0

[Event "ch-TUR w 2012"]
[Site "Kemer TUR"]
[Date "2012.01.31"]
[Round "5"]
[White "Cemhan,K"]
[Black "Aksoy,Ayca"]
[Result "1/2-1/2"]
[WhiteElo "1952"]
[BlackElo "1696"]

1.e4 c5 2.Nf3 e6 3.d4 cxd4 4.Nxd4 a6 5.Bd3 Nf6 6.O-O Qc7 7.Nc3 d6 8.Be3 Be7
9.f4 O-O 10.Qf3 Nbd7 11.Nb3 b6 12.g4 g6 13.g5 Nh5 14.Qh3 Nc5 15.Nxc5 dxc5
16.Be2 Ng7 17.Qh6 Rd8 18.Qh4 Bb7 19.Rf3 b5 20.Rh3 h5 21.Bf3 c4 22.Qf2 Rac8
23.Bg2 Bc5 24.Bxc5 Qxc5 25.Rd1 Qb4 26.Rb1 Rd7 27.a3 Qa5 28.Rd1 Rxd1+ 29.Nxd1 Rd8
30.Nc3 b4 31.Na2 Rd1+ 32.Bf1 Bxe4 33.Nxb4 Qb5 34.Qe2 Qb6+ 35.Qe3 Qb7 36.Qe2 Qb6+
37.Qe3 Qb7 38.Qe2  1/2-1/2

[Event "Moscow Open 2012 A"]
[Site "Moscow RUS"]
[Date "2012.01.31"]
[Round "4.26"]
[White "Grigoriants,S RUS"]
[Black "Mishuchkov,N"]
[Result "1/2-1/2"]
[WhiteElo "2570"]
[BlackElo "2418"]

1.e4 c5 2.Nf3 e6 3.d4 cxd4 4.Nxd4 a6 5.Bd3 Nf6 6.O-O e5 7.Bg5 d6 8.Ne2 Be7
9.Bxf6 Bxf6 10.Bc4 O-O 11.Nbc3 Nc6 12.a4 Bg5 13.Nd5 Be6 14.c3 Rc8 15.Ba2 Ne7
16.a5 Nxd5 17.Bxd5 Bxd5 18.Qxd5 Rc6 19.Rfd1 Qc8 20.Qb3 g6 21.Ra4 Bd8 22.Rb4 b5
23.axb6 Qb7 24.Qd5 Bxb6 25.Rc4 Rfc8 26.Rxc6 Rxc6 27.Rd3 a5 28.h3 Bc5 29.Rd2 Rb6
30.Qxb7 Rxb7 31.g4 Kf8  1/2-1/2

[Event "Moscow Open Women 2012"]
[Site "Moscow RUS"]
[Date "2012.01.31"]
[Round "4.9"]
[White "Kineva,E"]
[Black "Ambartsumova,K"]
[Result "0-1"]
[WhiteElo "2096"]
[BlackElo "2315"]

1.e4 c5 2.Nf3 e6 3.d4 cxd4 4.Nxd4 a6 5.Bd3 g6 6.O-O Bg7 7.Nf3 Ne7 8.Nc3 Nbc6
9.Bf4 O-O 10.Bd6 b5 11.a3 Qb6 12.Qd2 Bb7 13.Rad1 Rae8 14.e5 f6 15.exf6 Bxf6
16.Ne4 Nd4 17.Bg3 Nxf3+ 18.gxf3 Bh8 19.Be2 Bc6 20.c3 Nf5 21.Nd6 Nxg3 22.hxg3 Rd8
23.Qe3 Qb8 24.f4 Qa8 25.f3 Bf6 26.Ne4 Be7 27.Kg2 Bd5 28.Rh1 Rf7 29.Kf2 Bf8
30.Ng5 d6 31.Qd3 Bg7  0-1

[Event "ch-TUR 2012"]
[Site "Kemer TUR"]
[Date "2012.02.01"]
[Round "6.19"]
[White "Guven,B"]
[Black "Tulay,B"]
[Result "0-1"]
[WhiteElo "1914"]
[BlackElo "2128"]

1.e4 c5 2.Nf3 e6 3.d4 cxd4 4.Nxd4 a6 5.Bd3 Qc7 6.O-O Nf6 7.Qe2 d6 8.c4 Be7
9.Nc3 O-O 10.Kh1 Nbd7 11.f4 Re8 12.Bd2 b6 13.Rae1 g6 14.e5 Nh5 15.Nf3 Bb7
16.Ne4 dxe5 17.fxe5 Nxe5 18.Nxe5 Qxe5 19.Bc3 Qc7 20.Qf2 f5 21.Nd2 Bc5 22.Qh4 Qd8
23.Qh3 Bd6 24.Qe3 Qh4 25.Be5 Bxe5 26.Qxe5 Bxg2+ 27.Kxg2 Qg5+ 28.Kh1 Qxd2
29.Be2 Qg5 30.Rg1 Qh4 31.Rd1 Qf6 32.Qc7 Ng7 33.b3 e5 34.Rd6 Qh4 35.Bf3 e4
36.Bg2 f4 37.Rxb6 f3 38.Bf1 e3 39.Rb7 Qf6 40.Rb6 Qe5 41.Qxe5 Rxe5  0-1

[Event "Moscow Open Women 2012"]
[Site "Moscow RUS"]
[Date "2012.02.01"]
[Round "5.10"]
[White "Zhai Mo"]
[Black "Karnaukhova,Elmira"]
[Result "1-0"]
[WhiteElo "2191"]
[BlackElo "2328"]

1.e4 c5 2.Nf3 e6 3.d4 cxd4 4.Nxd4 a6 5.Bd3 d6 6.O-O Nf6 7.Qe2 Qc7 8.c4 Nc6
9.Nf3 Ng4 10.Bf4 Nge5 11.Nc3 Nxd3 12.Qxd3 Ne5 13.Nxe5 dxe5 14.Be3 Be7 15.Rfd1 O-O
16.Na4 Qc6 17.Nb6 Rb8 18.a3 Bc5 19.Bxc5 Qxc5 20.Qd6 Qxd6 21.Rxd6 Re8 22.b4 Kf8
23.Rad1 Ke7 24.c5 Rf8 25.f3 Re8 26.Kf2 Rf8 27.Ke3 Re8 28.a4 Rf8 29.Nc4 f6
30.Nb6 Re8 31.g4 Kf7 32.Rg1 Ke7 33.g5 Kf7 34.h4 Ke7 35.gxf6+ Kxf6 36.Rg5 g6
37.Rg2 Rg8 38.Rgd2 Ke7 39.Nc4 h5 40.Nxe5 a5 41.b5 g5 42.Rg2 g4  1-0

[Event "Moscow Open Women 2012"]
[Site "Moscow RUS"]
[Date "2012.02.01"]
[Round "5.6"]
[White "Ambartsumova,K"]
[Black "Burtasova,A"]
[Result "1-0"]
[WhiteElo "2315"]
[BlackElo "2263"]

1.e4 c5 2.Nf3 e6 3.d4 cxd4 4.Nxd4 a6 5.Bd3 Nf6 6.O-O d6 7.c4 g6 8.Nc3 Bg7
9.Be3 O-O 10.Be2 Qc7 11.Qd2 Rd8 12.Rfd1 Nbd7 13.Rac1 b6 14.f3 Bb7 15.b4 Rac8
16.Nb3 Bf8 17.a3 Qb8 18.Bf1 Bc6 19.Qf2 Ne5 20.b5 axb5 21.cxb5 Ba8 22.Na4 d5
23.Bxb6 Bd6 24.Bxd8 Neg4 25.fxg4 Bxh2+ 26.Kh1 Nxe4 27.Qb6 Qf4 28.Bg5 Nf2+
29.Qxf2 Qxf2 30.Rxc8+ Kg7 31.Kxh2 Bb7 32.Rc7 h6 33.Rxb7 hxg5 34.Nac5 Qh4+
35.Kg1 Qxg4 36.Rd4 Qg3  1-0

[Event "Gibraltar Open"]
[Site "Caleta ENG"]
[Date "2012.02.02"]
[Round "10.45"]
[White "Georgiadis,N"]
[Black "Bellon Lopez,JuM"]
[Result "1-0"]
[WhiteElo "2291"]
[BlackElo "2422"]

1.e4 c5 2.Nf3 e6 3.d4 cxd4 4.Nxd4 a6 5.Bd3 Qc7 6.O-O Nf6 7.Nc3 Nc6 8.Be3 Nxd4
9.Bxd4 Bc5 10.Bxc5 Qxc5 11.Qe2 d6 12.Kh1 e5 13.Bc4 b5 14.Bb3 Bb7 15.Rad1 Rc8
16.a3 O-O 17.Rd2 Rfd8 18.f4 Re8 19.Qd3 exf4 20.Rxf4 Qg5 21.Rf1 Rc7 22.Qxd6 Rce7
23.Qxe7 Rxe7 24.Rd8+ Ne8 25.Rxf7 h6 26.Rxe7+ Kh7 27.Rexe8 Bxe4 28.Bg8+ Kg6
29.Rd6+  1-0

[Event "ch-TUR 2012"]
[Site "Kemer TUR"]
[Date "2012.02.02"]
[Round "7"]
[White "Ozturk,Y"]
[Black "Aktas,I"]
[Result "0-1"]
[WhiteElo "1808"]
[BlackElo "1982"]

1.e4 c5 2.Nf3 e6 3.d4 cxd4 4.Nxd4 a6 5.Bd3 Qc7 6.O-O Nf6 7.Nc3 Nc6 8.Nxc6 dxc6
9.f4 e5 10.Kh1 Bc5 11.f5 h5 12.Qe1 Ng4 13.Bg5 Bd7 14.Bh4 Qd6 15.Rd1 Ne3 16.Qg3 Kf8
17.Bc4 Nxf1 18.Bxf1 Qc7 19.Qd3 Ke8 20.Qg3 Kf8 21.Qd3 Be8 22.Bd8 Qb8 23.Na4 Bd4
24.Bb6 c5 25.Bxc5+ Bxc5 26.Nxc5 Qc7 27.Nb3 Rc8 28.c3 Rh6 29.Qg3 Bc6 30.Bd3 Rd8
31.Rf1 Qd6 32.Bc2 a5 33.Nxa5 Bb5  0-1

[Event "Moscow Open 2012 A"]
[Site "Moscow RUS"]
[Date "2012.02.02"]
[Round "6.49"]
[White "Gerasimov,I"]
[Black "Gorovets,A"]
[Result "1/2-1/2"]
[WhiteElo "2333"]
[BlackElo "2428"]

1.e4 c5 2.Nf3 e6 3.d4 cxd4 4.Nxd4 a6 5.Bd3 Bc5 6.Nb3 Ba7 7.Nc3 Nc6 8.Qe2 d6
9.Be3 Nge7 10.O-O-O O-O 11.f4 Qc7 12.Bxa7 Rxa7 13.Qh5 Nb4 14.Qa5 Qxa5 15.Nxa5 b5
16.Be2 Rd7 17.a4 bxa4 18.Nxa4 Rc7 19.c3 Nbc6 20.Nc4 d5 21.exd5 Nxd5 22.g3 Nce7
23.Nab6 Bb7 24.Rhe1 Rb8 25.Nxd5 Nxd5 26.Bf1 h6 27.Ne3 a5 28.Nxd5 Bxd5 29.Rd4 Kf8
30.Re2 Bc4 31.Rf2 Bb3 32.Rfd2 Ke7 33.Rd6 g5 34.fxg5 hxg5 35.Ra6 a4 36.Be2 Rbb7
37.Bf3 Ra7 38.Rxa7 Rxa7 39.Rd4 f5 40.Bc6 g4 41.Kd2 e5 42.Rb4 Kd6 43.Bb7 Kc7
44.Bg2 a3 45.bxa3 Rxa3 46.Bf1 Bd5 47.Rb2 Kd6 48.Bd3 f4 49.gxf4 exf4 50.Bf5 g3
51.hxg3 fxg3 52.Bh3 Kc5 53.Ke3 Rxc3+ 54.Kf4 Rf3+ 55.Kg4 Re3 56.Bg2  1/2-1/2

[Event "ch-TUR 2012"]
[Site "Kemer TUR"]
[Date "2012.02.03"]
[Round "8"]
[White "Emiroglu,C"]
[Black "Asilkefeli,M"]
[Result "1/2-1/2"]
[WhiteElo "2236"]
[BlackElo "2108"]

1.e4 c5 2.Nf3 e6 3.d4 cxd4 4.Nxd4 a6 5.Bd3 d5 6.exd5 Qxd5 7.O-O Nf6 8.Nc3 Qd8
9.Bf4 Be7 10.Nf3 Nh5 11.Be3 Qc7 12.Bg5 Nf6 13.Qd2 Nbd7 14.Bf4 Qa5 15.Rfe1 Bb4
16.a3 Bxc3 17.bxc3 O-O 18.Bd6 Re8 19.Bb4 Qc7 20.Bd6 Qa5 21.Nd4 Qd5 22.Bg3 e5
23.Nf3 h6 24.c4 Qc5 25.Re3 e4 26.Rae1 Nb6 27.Bxe4 Nxc4 28.Qc3 Nxe4 29.Rxe4 Rxe4
30.Rxe4 Be6 31.a4 Rc8 32.Nd4 Qd5 33.Nxe6 fxe6 34.Rd4 Qa5 35.Qa1 Nb2 36.h4 Rxc2
37.Qa2 Qf5 38.Qb3 Re2 39.Kh2 b5 40.axb5 axb5 41.Rd8+ Kh7 42.Qa3 Nc4 43.Qa8  1/2-1/2

[Event "ch-TUR 2012"]
[Site "Kemer TUR"]
[Date "2012.02.03"]
[Round "8"]
[White "Yelken,Mustafa"]
[Black "Sevgi,V"]
[Result "1/2-1/2"]
[WhiteElo "2098"]
[BlackElo "1941"]

1.e4 c5 2.Nf3 e6 3.d4 cxd4 4.Nxd4 a6 5.Bd3 Nf6 6.O-O Qc7 7.Qe2 d6 8.c4 Be7
9.Nc3 b6 10.Be3 Bb7 11.Rac1 Nbd7 12.f3 Rc8 13.b3 O-O 14.Bb1 Qb8 15.Qf2 Bd8
16.Nde2 Bc7 17.Qh4 Rfe8 18.Rcd1 Nf8 19.Bg5 Ng6 20.Qh3 Nd7 21.Bc1 Rcd8 22.Nf4 Ndf8
23.Nxg6 hxg6 24.f4 Bc8 25.f5 b5 26.cxb5 axb5 27.Qh4 gxf5 28.exf5 exf5 29.Bxf5 Bxf5
30.Rxf5 Ng6 31.Qg5 Re5 32.Rdf1 Qa7+ 33.Kh1 Qc5 34.Bb2 Rxf5 35.Qxf5 Qxf5 36.Rxf5 Re8
37.g3 b4 38.Nd5 Ne7 39.Nxc7 Rc8 40.Rg5 Rxc7 41.Bxg7 Ng6 42.Bf6 Rc1+ 43.Kg2 Rc2+
44.Kh3 Rxa2 45.Rb5 Rf2 46.Bd4 Rd2 47.Rxb4 f5 48.Ba1 Kf7 49.Rd4 Ra2 50.Rd1 Ke6
51.b4 Ne5 52.Bxe5 dxe5 53.Rb1 Rf2 54.b5 Kd7 55.b6 Kc8 56.b7+ Kb8 57.Rb4 Rd2
58.Rb5 Re2 59.Rb6 Rd2 60.Re6 e4 61.Re7 Rb2 62.Re5 Rf2 63.g4 fxg4+ 64.Kg3 Re2
65.Re7 e3 66.Kxg4  1/2-1/2

[Event "Moscow Open Women 2012"]
[Site "Moscow RUS"]
[Date "2012.02.03"]
[Round "7.25"]
[White "Kineva,E"]
[Black "Burtasova,A"]
[Result "0-1"]
[WhiteElo "2096"]
[BlackElo "2263"]

1.e4 c5 2.Nf3 e6 3.d4 cxd4 4.Nxd4 a6 5.Bd3 Nf6 6.O-O d6 7.c4 Qc7 8.Nc3 b6
9.Qe2 Be7 10.Kh1 Nfd7 11.f4 Bf6 12.Be3 O-O 13.Rf3 Bb7 14.Rh3 g6 15.Rf1 Nc6
16.Nf3 Bg7 17.a3 Rad8 18.f5 Nce5 19.Ng5 Nxd3 20.fxe6 fxe6 21.Nxe6 Qxc4 22.Nxd8 Rxf1+
23.Qxf1 Nxb2 24.Qxc4+ Nxc4 25.Nxb7 Bxc3 26.Bxb6 Be5 27.Bd8 Nd2 28.Re3 Nc4
29.Rd3 Kf7 30.Bc7 Ke7 31.Rh3 h5 32.Na5 Nd2 33.Nc6+ Ke6 34.Re3 Nc4 35.Nxe5 Kxe5
36.Rg3 Kf6 37.Bd8+ Kf7 38.Kg1 Nce5 39.Re3 Ke6 40.Ba5 Nc5 41.Be1 d5 42.Kf1 g5
43.Ke2 g4 44.Bf2 d4  0-1

[Event "ch-TUR 2012"]
[Site "Kemer TUR"]
[Date "2012.02.04"]
[Round "9"]
[White "Ersoz,B"]
[Black "Aslanhan,H"]
[Result "1-0"]
[WhiteElo "1938"]
[BlackElo "1804"]

1.e4 c5 2.Nf3 e6 3.d4 cxd4 4.Nxd4 a6 5.Bd3 Qc7 6.O-O Nf6 7.Qe2 d6 8.c4 Be7
9.Nc3 Nc6 10.Nxc6 bxc6 11.f4 Bb7 12.Kh1 d5 13.cxd5 cxd5 14.exd5 Nxd5 15.Nxd5 Bxd5
16.f5 e5 17.Qg4 f6 18.Be3 Qb7 19.Rac1 h5 20.Qa4+ Kf8 21.Rf2 h4 22.h3 Rg8
23.Qa5 Rd8 24.Bf1 g5 25.Bc5 Rd7 26.Bxa6 Qa8 27.Qb5 Qe8 28.Rfc2 g4 29.Bb4 Kf7
30.Rc7 Rxc7 31.Qxd5+ Kf8 32.Rxc7 Bxb4 33.Rc8 Qxc8 34.Bxc8 gxh3 35.gxh3 Rg3
36.Be6 Rxh3+ 37.Kg2 Rg3+ 38.Kf1 Be7 39.a4 Bb4 40.a5 Kg7 41.Qb7+  1-0

[Event "Moscow Open Women 2012"]
[Site "Moscow RUS"]
[Date "2012.02.04"]
[Round "8.17"]
[White "Smirnova,Ek"]
[Black "Burtasova,A"]
[Result "0-1"]
[WhiteElo "2031"]
[BlackElo "2263"]

1.e4 c5 2.Nf3 e6 3.d4 cxd4 4.Nxd4 a6 5.Bd3 Bc5 6.Nb3 Be7 7.O-O Nc6 8.Qg4 g6
9.Nc3 d6 10.Qe2 Nf6 11.Kh1 b5 12.Bh6 b4 13.Nd1 e5 14.Ne3 Bf8 15.Bxf8 Kxf8
16.a4 Kg7 17.a5 Be6 18.Bc4 Qc8 19.f3 Nh5 20.Nd5 Bxd5 21.Bxd5 Nf4 22.Qd2 Rb8
23.Bxc6 Qxc6 24.Rac1 Rhd8 25.g3 Ne6 26.Qd5 Qxd5 27.exd5 Nc7 28.Rfd1 Rb5 29.Rd3 Rxd5
30.Rcd1 Rxd3 31.cxd3 Ne6 32.d4 f6 33.dxe5 fxe5 34.Rc1 Kf6 35.Rc6 Nd4 36.Nxd4 exd4
37.Kg2 Ke5 38.Kf2 Kd5 39.Rc2 d3 40.Rd2 Kd4 41.Ke1 Re8+ 42.Kd1 Re5 43.Rf2 Ke3
44.Rf1 d2  0-1

[Event "Moscow Open 2012 A"]
[Site "Moscow RUS"]
[Date "2012.02.04"]
[Round "8.61"]
[White "Predke,A"]
[Black "Davydov,S1"]
[Result "1-0"]
[WhiteElo "2467"]
[BlackElo "2307"]

1.e4 c5 2.Nf3 e6 3.d4 cxd4 4.Nxd4 a6 5.Bd3 Nf6 6.O-O Qc7 7.Qe2 d6 8.c4 Nc6
9.Nxc6 Qxc6 10.Nc3 Be7 11.f4 O-O 12.Be3 Qc7 13.Rac1 Bd7 14.b4 b6 15.a3 Qb8
16.Bf2 Bc6 17.e5 Nd7 18.Bg3 a5 19.f5 Nxe5 20.Bxe5 dxe5 21.fxe6 fxe6 22.Qh5 e4
23.Nxe4 g6 24.Qg4 Qe5 25.Nf2 Bd6 26.g3 Rae8 27.Rce1 Qf6 28.Be4 Bd7 29.Rd1 Qe7
30.Bxg6  1-0

[Event "Moscow Open Women 2012"]
[Site "Moscow RUS"]
[Date "2012.02.04"]
[Round "8.38"]
[White "Utiatskaja,Irina"]
[Black "Abdumalik,Z"]
[Result "0-1"]
[WhiteElo "1922"]
[BlackElo "2119"]

1.e4 c5 2.Nf3 e6 3.d4 cxd4 4.Nxd4 a6 5.Bd3 Nf6 6.c4 Qc7 7.O-O d6 8.Nc3 Be7
9.Kh1 O-O 10.f4 Nbd7 11.Nf3 g6 12.Qe1 b6 13.b3 Bb7 14.Bb2 Rfe8 15.Rd1 Rad8
16.Bb1 Bf8 17.Qh4 Bg7 18.Rfe1 Bc6 19.Nd4 Bb7 20.Nde2 Bc6 21.Nd4 Bb7 22.Nde2 h5
23.h3 Nc5 24.Ng3 Nh7 25.f5 Bf6 26.Qf4 Be5 27.Qf2 d5 28.fxg6 fxg6 29.Nf1 Rf8
30.Qe2 d4 31.Na4 Nxa4 32.bxa4 Bc6 33.Bc2 Qf7 34.Bb3 Ng5 35.Qd3 Nxe4 36.Qb1 Nf2+
37.Kg1 Nxh3+ 38.Kh1 Bxg2+  0-1

[Event "ch-TUR 2012"]
[Site "Kemer TUR"]
[Date "2012.02.05"]
[Round "10"]
[White "Kanmazalp,O"]
[Black "Asilkefeli,M"]
[Result "1-0"]
[WhiteElo "2397"]
[BlackElo "2108"]

1.e4 c5 2.Nf3 e6 3.d4 cxd4 4.Nxd4 a6 5.Bd3 d5 6.exd5 Qxd5 7.O-O Nf6 8.Nc3 Qd8
9.Re1 Bc5 10.Nb3 Be7 11.Bf4 Nc6 12.Qf3 Bd7 13.Rad1 O-O 14.Ne4 Nxe4 15.Bxe4 f5
16.Bxc6 bxc6 17.Be5 a5 18.Qc3 Bb4 19.Qg3 Rf7 20.c3 Bf8 21.Nd4 Qc8 22.Nf3 Be7
23.Bd6 Bf6 24.Be5 Bd8 25.Rd2 Be8 26.Red1 Bb6 27.Ng5 Re7 28.Qh4 h6 29.Ne4 Rea7
30.Nd6 Qd8 31.Qc4 Bd7 32.Bd4 Bxd4 33.Rxd4 Kh7 34.Qd3 c5 35.Nf7 cxd4 36.Nxd8 Rxd8
37.Qxd4 Rda8 38.Qe5 a4 39.h4 Ra5 40.Qe3 R8a7 41.Rd6 e5 42.Qb6 Be8 43.Re6 Bf7
44.Rxe5 R5a6 45.Qb8 Bxa2 46.Rxf5 Bb1 47.Rf8  1-0

[Event "Moscow Open 2012 A"]
[Site "Moscow RUS"]
[Date "2012.02.05"]
[Round "9.77"]
[White "Kasyanov,An"]
[Black "Zenzera,A"]
[Result "0-1"]
[WhiteElo "2209"]
[BlackElo "2337"]

1.e4 c5 2.Nf3 e6 3.d4 cxd4 4.Nxd4 a6 5.Bd3 Nf6 6.Nc3 Qc7 7.Qe2 Bd6 8.Bd2 Nc6
9.Nxc6 dxc6 10.g4 b5 11.a3 c5 12.Bxb5+ axb5 13.Nxb5 Qb8 14.Nxd6+ Qxd6 15.e5 Qd5
16.O-O-O Qa2 17.Bg5 Ba6 18.Qf3 Nd5 19.Qb3 Qxb3 20.cxb3 O-O 21.Rhe1 Rab8 22.Kc2 h6
23.Be3 Rfc8 24.h4 Bb5 25.Rd2 Rb7 26.h5 c4 27.b4 c3 28.bxc3 Rxc3+ 29.Kb2 Bc4
30.Ra1 Rb3+ 31.Kc2 Nxe3+ 32.fxe3 Rxe3 33.Rd4 Rc7 34.a4 Bb3+ 35.Kd2 Rh3  0-1

[Event "Moscow Open 2012 A"]
[Site "Moscow RUS"]
[Date "2012.02.05"]
[Round "9.44"]
[White "Obolenskikh,D"]
[Black "Mishuchkov,N"]
[Result "1/2-1/2"]
[WhiteElo "2510"]
[BlackElo "2418"]

1.e4 c5 2.Nf3 e6 3.d4 cxd4 4.Nxd4 a6 5.Bd3 Nf6 6.O-O e5 7.Nf3 Nc6 8.Nc3 Bc5
9.Bg5 h6 10.Bxf6 Qxf6 11.Nd5 Qd8 12.a4 d6 13.Bc4 O-O 14.Qd3 Be6 15.c3 a5
16.Nd2 Ne7 17.Rad1 Nxd5 18.Bxd5 Bxd5 19.Qxd5 Qc7 20.g3 Qc6 21.Qxc6 bxc6 22.Nb3 Rfd8
23.Nxc5 dxc5 24.Rfe1 Rab8 25.Rxd8+ Rxd8 26.Kf1 Rd2 27.Re2 Rd1+ 28.Re1 Rd2
29.Re2 Rd1+ 30.Re1 Rd2  1/2-1/2

[Event "TCh-CAT 2012"]
[Site "Catalunya ESP"]
[Date "2012.02.11"]
[Round "3.1"]
[White "Munoz Pantoja,M"]
[Black "Lopez Martinez,Josep"]
[Result "1/2-1/2"]
[WhiteElo "2495"]
[BlackElo "2508"]

1.e4 c5 2.Nf3 e6 3.d4 cxd4 4.Nxd4 a6 5.Bd3 Bc5 6.Nb3 Be7 7.O-O d6 8.Qg4 g6
9.Qg3 Nc6 10.a4 h5 11.Na3 Nf6 12.Bg5 Ne5 13.Qh4 Bd7 14.a5  1/2-1/2

[Event "Frauenbundesliga 2011-12"]
[Site "Germany GER"]
[Date "2012.02.12"]
[Round "9.2"]
[White "Jaracz,B"]
[Black "Stitterich,N"]
[Result "1-0"]
[WhiteElo "2272"]
[BlackElo "2008"]

1.e4 c5 2.Nf3 e6 3.d4 cxd4 4.Nxd4 a6 5.Bd3 Bc5 6.Nb3 Ba7 7.O-O Ne7 8.c4 Nbc6
9.Nc3 d6 10.Qe2 O-O 11.Be3 e5 12.Bxa7 Rxa7 13.Rad1 Be6 14.Qe3 Qb8 15.Rd2 f5
16.exf5 Bxf5 17.Ne4 Nb4 18.Be2 Bxe4 19.Qxe4 Rf4 20.Qe3 Nbc6 21.Qh3 Kh8 22.Bd3 h6
23.g3 Rf6 24.Be4 b5 25.c5 Nb4 26.Rfd1 d5 27.a3 Nbc6 28.Bxd5 Nxd5 29.Rxd5 Raf7
30.Rd6 Rxd6 31.Rxd6 Qc7 32.Qe6 Nd4 33.Nxd4 exd4 34.Rxd4 Qxc5 35.Rd8+ Rf8
36.Rxf8+ Qxf8 37.Qxa6 Qf5 38.Qa8+ Kh7 39.Kg2 Qd3 40.Qf3 Qc4 41.h4 Qc5 42.Qe4+ Kh8
43.g4 Kg8 44.b4 Qb6 45.f3 Qd8 46.h5 Qd2+ 47.Kg3 Qd7 48.Qe5 Kh8 49.Kf4 Qd2+
50.Qe3 Qd6+ 51.Ke4 Qe6+ 52.Kd4 Qd6+ 53.Kc3 Qc6+ 54.Kb2 Qd7 55.Qf4 Qe8 56.Qe4 Qd7
57.Kc3 Qc7+ 58.Kd3 Qd7+ 59.Qd4 Qc6 60.Qe4 Qd7+ 61.Kc3 Qc7+ 62.Kd4 Qa7+ 63.Kd5 Qd7+
64.Kc5  1-0

[Event "3rd Novy Bor Open"]
[Site "Novy Bor CZE"]
[Date "2012.02.17"]
[Round "8"]
[White "Grela,K"]
[Black "Svobodova,M"]
[Result "0-1"]
[WhiteElo "1826"]
[BlackElo "2100"]

1.e4 c5 2.Nf3 e6 3.d4 cxd4 4.Nxd4 a6 5.Bd3 Bc5 6.Nb3 Ba7 7.O-O Nc6 8.Qe2 d6
9.Be3 Nf6 10.Bxa7 Rxa7 11.c4 O-O 12.Nc3 e5 13.Rad1 Be6 14.Nd5 Bxd5 15.exd5 Ne7
16.f4 exf4 17.Rxf4 Ng6 18.Rff1 Re8 19.Qf2 Ra8 20.Nd4 Qc7 21.Nf5 Re5 22.Qf3 Rae8
23.Nxg7 Kxg7 24.Qxf6+ Kg8 25.Qf2 Qe7 26.b3 Qf8 27.Rde1 Qg7 28.Bxg6 hxg6 29.Rxe5 Rxe5
30.Qb6 Re2 31.Qxd6 Qd4+ 32.Kh1 Qf2 33.Rg1 Re1  0-1

[Event "TCh-HUN 2011-12"]
[Site "Budapest HUN"]
[Date "2012.02.19"]
[Round "6"]
[White "Czebe,A"]
[Black "Horvath,Cs1"]
[Result "1/2-1/2"]
[WhiteElo "2513"]
[BlackElo "2517"]

1.e4 c5 2.Nf3 e6 3.d4 cxd4 4.Nxd4 a6 5.Bd3 Ne7 6.O-O Nbc6 7.Be3 Nxd4 8.Bxd4 Nc6
9.Bc3 b5 10.b3 e5 11.a4 b4 12.Bb2 Bc5 13.Bc4 d6 14.Bd5 Qc7 15.Nd2 O-O 16.Nc4 Be6
17.Kh1 Bxd5 18.Qxd5 Ne7 19.Qd3 f6 20.Rad1 Rad8 21.Qh3 Kh8 22.Rd2 d5 23.exd5 Nxd5
24.Qf3 Nb6 25.Qe2 Nxc4 26.Rxd8 Rxd8 27.Qxc4 Qb6 28.f4 exf4 29.Qxf4 Bd4 30.Bxd4  1/2-1/2

[Event "ch-POL 2012"]
[Site "Warsaw POL"]
[Date "2012.02.20"]
[Round "3"]
[White "Tomczak,J"]
[Black "Hnydiuk,A"]
[Result "0-1"]
[WhiteElo "2543"]
[BlackElo "2409"]

1.e4 c5 2.Nf3 e6 3.d4 cxd4 4.Nxd4 a6 5.Bd3 Nf6 6.O-O e5 7.Bg5 h6 8.Bxf6 Qxf6
9.Nf5 g6 10.Ne3 Bc5 11.b4 Ba7 12.Na3 d6 13.Nac4 Nc6 14.c3 O-O 15.Nd5 Qd8
16.Qd2 Kg7 17.Kh1 Be6 18.f4 exf4 19.Qxf4 b5 20.Nb2 Bxd5 21.exd5 Ne5 22.a4 Qc7
23.Ra3 Nxd3 24.Nxd3 Qc4 25.Qf3 Rae8 26.axb5 Qxb5 27.Raa1 Kg8 28.Rae1 Rxe1
29.Rxe1 Re8 30.Rxe8+ Qxe8 31.h3 Qa4 32.Qe2 Qb3 33.Nf4 Qb1+ 34.Kh2 Qf5 35.Kg3 Qg5+
36.Kf3 Qf6 37.Qe8+ Kg7 38.Kg3 Qg5+ 39.Kf3 Qf6 40.Qe1 g5 41.g3 gxf4  0-1

[Event "ch-POL 2012"]
[Site "Warsaw POL"]
[Date "2012.02.22"]
[Round "5"]
[White "Tomczak,J"]
[Black "Olszewski,Mi"]
[Result "1-0"]
[WhiteElo "2543"]
[BlackElo "2539"]

1.e4 c5 2.Nf3 e6 3.d4 cxd4 4.Nxd4 a6 5.Bd3 g6 6.c4 Bg7 7.Nc2 Ne7 8.O-O O-O
9.Nc3 Nbc6 10.Bg5 h6 11.Bh4 d6 12.f4 g5 13.fxg5 Ng6 14.gxh6 Qxh4 15.hxg7 Kxg7
16.Qe1 Qg5 17.Qe3 Qe5 18.Qf2 Bd7 19.Rad1 Rad8 20.Ne3 Qg5 21.Bc2 Bc8 22.Ne2 b5
23.Nd4 Nce5 24.cxb5 axb5 25.Nxb5 Ba6 26.a4 Rh8 27.Bd3 Rh4 28.Qg3 Qe7 29.Nd4 Bc8
30.Ndf5+ exf5 31.exf5 f6 32.fxg6 Rdh8 33.Bf5 Qa7 34.Bxc8 Nc4 35.Rde1 Qd4
36.Qf2  1-0

[Event "ch-POL 2012"]
[Site "Warsaw POL"]
[Date "2012.02.24"]
[Round "7"]
[White "Duda,J"]
[Black "Olszewski,Mi"]
[Result "1/2-1/2"]
[WhiteElo "2380"]
[BlackElo "2539"]

1.e4 c5 2.Nf3 e6 3.d4 cxd4 4.Nxd4 a6 5.Bd3 Bc5 6.Nb3 Be7 7.Qg4 g6 8.Qe2 d6
9.a4 Nc6 10.O-O Ne5 11.Nc3 Nf6 12.Bh6 Nfg4 13.Bd2 O-O 14.a5 b5 15.axb6 Qxb6
16.Na4 Qb8 17.Na5 Bd7 18.f4 Nxd3 19.cxd3 Nf6 20.Be3 Bd8 21.Nc3 d5 22.e5 Nh5
23.Bc5 Bb6 24.Nb3 Rc8 25.d4 Bd8 26.Nc1 a5 27.Nd3 Qb3 28.Qd2 Ng7 29.Ra3 Qb7
30.Rb1 h5 31.Nd1 Bb5 32.N1f2 Nf5 33.g3 a4 34.b4 Bc4 35.Nb2 Bb5 36.Rba1 Ra6
37.Nfd1 Rca8 38.Nc3 Be7 39.Nbd1 Bxc5 40.bxc5 Bc4 41.Rxa4 Rxa4 42.Rxa4 Rxa4
43.Nxa4 Bb3 44.Nab2 Bxd1 45.Nxd1 Qb1 46.c6 Qb6 47.Kg2 Qxc6 48.Ne3 Ne7 49.Qa5 Qb7
50.Qc3 Kg7 51.Qc5 Nc6 52.Nc2 Qa6 53.Kf2 Qa4 54.Qc3 Na5 55.Ke2 Qa2 56.Kd3 Nb3
57.Qb4 Qa6+ 58.Kc3 Nc1 59.Kd2 Qf1 60.Qb1 Qg1 61.Qxc1 Qxh2+ 62.Kd1 Qg1+ 63.Ne1 Qxg3
64.Ke2 Qh2+ 65.Kd1 Qg1 66.Qc3 h4 67.Qd3 Qf2 68.Qh3 Qxd4+ 69.Nd3 Qc3 70.Ke2 d4
71.Qxh4 Qc2+ 72.Ke1  1/2-1/2

[Event "TCh-CAT 2012"]
[Site "Catalunya ESP"]
[Date "2012.02.25"]
[Round "5.7"]
[White "Vehi Bach,V"]
[Black "Gardela Batlle,J"]
[Result "1/2-1/2"]
[WhiteElo "2358"]
[BlackElo "2218"]

1.e4 c5 2.Nf3 e6 3.d4 cxd4 4.Nxd4 a6 5.Bd3 Bc5 6.Nb3 Be7 7.Nc3 Nc6 8.f4 d6
9.Qf3 Nf6 10.Be3 Qc7 11.g4 Nd7 12.g5 Nc5 13.O-O-O Bd7 14.Kb1 b5 15.Qf2 b4
16.Ne2 Nxb3 17.cxb3 O-O 18.f5 Rfb8 19.f6 Bf8 20.Rc1 a5 21.e5 g6 22.h4 a4
23.bxa4 Rxa4 24.b3 Rxa2 25.Kxa2 Qa5+ 26.Kb1 Nxe5 27.Nf4 Ra8 28.Qb2 Nxd3 29.Nxd3 Qf5
30.Rhd1 Bb5 31.Qc2 Ra3 32.Nb2 Qf3 33.Re1 Qa8 34.Na4 Bxa4 35.bxa4 b3 36.Qc6 Qa5
37.Qb5 Qa8 38.Kb2 Rxa4 39.Qxb3 Qa5 40.Ra1 Qe5+ 41.Qc3 Rb4+ 42.Kc2 Qf5+ 43.Qd3 Rb2+
44.Kxb2 Qxd3 45.Ra3 Qe4 46.Rc1 Qe5+ 47.Kb1 Qb5+ 48.Ka1 Qb7 49.Rb1 Qd5 50.Rb8 Qd1+
51.Kb2 Qe2+ 52.Kc1 Qe1+ 53.Kc2 Qe2+ 54.Kc1 Qe1+ 55.Kc2 Qe2+  1/2-1/2

[Event "TCh-CAT 2012"]
[Site "Catalunya ESP"]
[Date "2012.02.25"]
[Round "5"]
[White "Alsina Leal,D"]
[Black "Bruzon Batista,L"]
[Result "0-1"]
[WhiteElo "2535"]
[BlackElo "2691"]

1.e4 c5 2.Nf3 e6 3.d4 cxd4 4.Nxd4 a6 5.Bd3 Bc5 6.Nb3 Be7 7.Qg4 g6 8.Qe2 d6
9.O-O Nc6 10.Nc3 Qc7 11.Be3 h5 12.Na4 Nf6 13.Nb6 Rb8 14.f4 Ng4 15.Nxc8 Rxc8
16.Bd2 Qb6+ 17.Kh1 Nb4 18.f5 Nxd3 19.cxd3 Rc2 20.fxe6 fxe6 21.Qd1 Rc8 22.d4 Rf8
23.Qe2 Qb5 24.Rxf8+ Kxf8 25.Qxb5 axb5 26.Kg1 Rc2 27.Rc1 Rxb2 28.Rc8+ Kf7
29.Rc7 Ke8 30.Rxb7 Rb1+ 31.Nc1 Nf6 32.Bg5 Nd5 33.Bh6 Nc3 34.Kf2 Nxe4+ 35.Kf3 d5
36.Nd3 Bd6 37.Rg7 Rf1+ 38.Ke3 g5 39.Rg6 Kf7 40.Rg7+ Kf6 41.Rb7 Bxh2 42.Bg7+ Kg6
43.Be5 Bg1+ 44.Ke2 Ra1 45.Nb4 h4 46.Rg7+ Kf5 47.Rf7+ Kg4 48.Re7 Bf2 49.Rxe6 Re1+
50.Kd3 Re3+ 51.Kc2 Re2+ 52.Kb3 Nd2+ 53.Kc2 Nc4+ 54.Kd3 Rd2+ 55.Kc3 Be1 56.Nc2 Re2+
57.Kd3 Re4 58.Nxe1 Re3+ 59.Kc2 Rxe1 60.Kc3 Re2 61.Kb4 Rxa2 62.Kxb5 Rxg2 63.Kc5 Ne3
64.Bb8 Rc2+ 65.Kd6 Kf3 66.Rf6+ Ke4 67.Re6+ Kd3 68.Re8 g4 69.Ke5 g3 70.Rg8 g2  0-1

[Event "TCh-CZE Liga 1 Zapad"]
[Site "Czech Rep CZE"]
[Date "2012.02.26"]
[Round "9.8"]
[White "Roj,M"]
[Black "Kuba,J"]
[Result "1/2-1/2"]
[WhiteElo "2179"]
[BlackElo "2211"]

1.e4 c5 2.Nf3 e6 3.d4 cxd4 4.Nxd4 a6 5.Bd3 Nf6 6.O-O d6 7.c4 Be7 8.Nc3 O-O
9.Kh1 Nbd7 10.f4 Qc7 11.Qe2 Re8 12.Bd2 Bf8 13.Rac1 b6 14.b4 Bb7 15.Nb3 Rac8
16.a4 Qb8 17.Nd1 Qa8 18.Nf2 d5 19.cxd5 Rxc1 20.Rxc1 exd5 21.e5 d4  1/2-1/2

[Event "PriFO Champ RUS 2012"]
[Site "Tolyatti RUS"]
[Date "2012.02.27"]
[Round "1.30"]
[White "Pasiev,R"]
[Black "Khairullin,A"]
[Result "1-0"]
[WhiteElo "2312"]
[BlackElo "1998"]

1.e4 c5 2.Nf3 e6 3.d4 cxd4 4.Nxd4 a6 5.Bd3 Qc7 6.O-O Nf6 7.Be3 Be7 8.Nc3 b5
9.a3 Bb7 10.f4 d6 11.Qf3 Nbd7 12.Rae1 Nc5 13.Kh1 O-O 14.Bg1 Nfd7 15.Qh3 Rfe8
16.f5 e5 17.Nf3 Nb6 18.g4 Rad8 19.g5 Qc8 20.Qh4 g6 21.Nd2 d5 22.Bxc5 Bxc5
23.Rf3 Be7 24.Rh3 h5 25.f6 Bc5 26.Rf1 Bd4 27.Be2 dxe4 28.Bxh5 gxh5 29.Qxh5 e3+
30.Nf3 Qxh3 31.Qxh3  1-0